| 000 | 00545nam a22001937a 4500 | ||
|---|---|---|---|
| 999 |
_c3403 _d3403 |
||
| 003 | OSt | ||
| 005 | 20181112181336.0 | ||
| 008 | 181112b ||||| |||| 00| 0 eng d | ||
| 020 | _a0953325806 | ||
| 040 | _cDLC | ||
| 082 |
_a220 _bW348G |
||
| 100 | _aWatts, Julian | ||
| 245 |
_aGod's Business: _bPreparing The Church For Dramatic Growth/ _cBy Julian Watts. |
||
| 260 |
_aEngland : _bCornwallis Emmanuel Ltd., _c1998. |
||
| 300 | _a112 p.: | ||
| 630 | _aChurch Growth | ||
| 650 |
_aGod's Business _xChurch For Dramatic Growth |
||
| 942 |
_2ddc _cBK |
||